English Monarchs' Names Used More Than Once - Statistics

General Stats
  • This quiz has been taken 350 times
  • The average score is 8 of 9
Answer Stats
# monarch % Correct
8 Henry
98%
2 Elizabeth
95%
6 George
95%
8 Edward
92%
4 William
91%
2 Charles
89%
3 Richard
86%
2 James
84%
2 Mary
84%
No matching quizzes found
Score Distribution
Percent of People with Each Score
Percentile by Number Answered
Your Score History
You have not taken this quiz